| 000 | 00710nam a2200193 a 4500 | ||
|---|---|---|---|
| 008 | 090205s2003 ||||||||||||||||| || u | ||
| 020 | _a9780340807842 | ||
| 050 | _aP 91.25 Cla | ||
| 100 | _aBaker, James | ||
| 245 | 1 | 0 |
_aKey concepts & skills for media students. _cVivienne Clark; James Baker; Eileen Lewis |
| 260 |
_aLondon _bHodder Arnold _c2003 |
||
| 300 | _axii, 212p.: ill. | ||
| 350 | _a0.00 | ||
| 650 | _aMASS MEDIA--CONCEPTS AND SKILLS | ||
| 650 | _aMEDIA STUDIES | ||
| 700 | _aClark, Vivienne | ||
| 700 | _aLewis , Eileen | ||
| 995 |
_D0.00 _FCBU-MAIN LIBRARY (Kitwe) _H1 _I0.00 _M1 _UAVAILABLE _WFeb 5, 2009 _ZMain Library Open Access Collection |
||
| 999 |
_c48598 _d48598 |
||